Variational methods in economics

Guardado en:
Detalles Bibliográficos
Autor principal: Hadley, G.
Otros Autores: Kemp, M.C
Formato: Libro
Lenguaje:inglés
Publicado: Amsterdam North-Holland Pub. Co. 1973
Colección:Advanced textbooks in economics Vol. 1O
Etiquetas: Agregar Etiqueta
Sin Etiquetas, Sea el primero en etiquetar este registro!

MARC

LEADER 00000nam a2200000 4500
001 c140360
005 20041019155318.7
041 0 |a eng 
044 |a NL 
245 1 0 |a Variational methods in economics  |c G. Hadley, M.C. Kemp 
264 1 |a Amsterdam  |b North-Holland Pub. Co.  |c 1973 
300 |a 378 s. 
490 1 |a Advanced textbooks in economics  |v Vol. 1O 
830 0 |a Advanced textbooks in economics  |v Vol. 1O 
100 1 |a Hadley, G. 
700 1 |a Kemp, M.C.